| 000 | 00678nam a2200205 a 4500 | ||
|---|---|---|---|
| 005 | 20240911064115.0 | ||
| 008 | 991125s1962 mx 000 0 spa u | ||
| 035 | _aUPN01000008665 | ||
| 049 | _aCG | ||
| 050 | 4 |
_aHD1531 M6 _bL6.2 |
|
| 100 | 1 | _aLópez Serrano, Francisco | |
| 245 | 1 | 0 |
_aColonización : _bla conquista de la tierra virgen, como una de las soluciones mejores para el problema campesino / _cFrancisco López Serrano. |
| 260 |
_a[México] : _bDAAC, _c1962. |
||
| 300 | _a43 p. | ||
| 500 | _a"Conferencia" | ||
| 500 | _aDisponible en la Colección Medina | ||
| 650 | 2 |
_aCampesinos _zMéxico _95335 |
|
| 651 | 4 |
_aMéxico _xCondiciones rurales _914867 |
|
| 905 | _aLibro | ||
| 999 |
_c8665 _d8665 |
||